| 000 | 01283nam a2200253Ia 4500 | ||
|---|---|---|---|
| 003 | Ost | ||
| 005 | 20260507074903.0 | ||
| 008 | 260507s9999||||xx |||||||||||||| ||und|| | ||
| 040 | _cfsecg | ||
| 041 | _aara | ||
| 082 | _a346.07 | ||
| 100 |
_aالصوص، نداء محمد _eمؤلف |
||
| 245 | 0 |
_aمبادئ القانون التجاري / _c نداء محمد الصوص |
|
| 260 |
_aعمان: _bدار أجنادين للنشر والتوزيع, _c2007 |
||
| 300 |
_a299 صفحة؛ _bإيضاحات ؛ _c25 سم |
||
| 490 |
_aسلسلة الوجيز في العلوم الإدارية _v5 |
||
| 504 | _aببليوغرافيا: ص.299 | ||
| 520 | _aيضم مبادئ القانون التجاري، الأعمال التجارية، العقود التجارية، الشركات وشركة التضامن، شركة التوصية البسيطة، شركة المحاصة، الشركة ذات المسؤولية المحدودة، شركة التوصية بالأسهم، الشركة المساهمة وخصائصها، الأوراق المالية، العمليات المصرفية | ||
| 653 | _aالشركات | ||
| 653 | _aالعقود التجارية | ||
| 653 | _aالقانون التجاري | ||
| 653 | _aشركات التأمين | ||
| 942 | _cكتاب | ||
| 999 |
_c41674 _d41674 |
||